| 000 | 01729nam a2200433 c 4500 | ||
|---|---|---|---|
| 003 | BLK | ||
| 005 | 20250127102512.0 | ||
| 008 | 180408b bul|||||r ||||||| ||bul|| | ||
| 010 | _aKNG00055179000 | ||
| 020 |
_a954-792-198-3 _bиздат.: СКОРПИО ви |
||
| 040 | _aBLK | ||
| 041 |
_aBUL _cBUL |
||
| 080 |
_aВътрешна политика. Вж и 329 _b323 _x(497.2)(092) _z323(497.2)(092) |
||
| 080 |
_aНародна Република България (1946 - 1990) _b94(497.2)"1946/1990" _x(092) _z94(497.2)"1946/1990"(092) |
||
| 080 |
_aБиографии _b929 _x(497.2) _z929(497.2) |
||
| 100 | 1 |
_aКолев, Валери _eпърви автор _9366369 |
|
| 700 | 1 |
_aРадева, Мария _eсъстав. _9364438 |
|
| 139 |
_aБългарски държавници 1944 - 1989 _bБ 92 |
||
| 245 | 1 | 0 |
_aБългарски държавници 1944 - 1989 _cВалери Колев; състав. Мария Радева. |
| 257 | _aBGR | ||
| 260 |
_аСофия _bСКОРПИО ви _c2005 |
||
| 300 |
_a255 с. _bсъс сн. _c24 см |
||
| 380 | _a3 | ||
| 500 | _aБиблиогр. след отд. части | ||
| 504 | _aслед отд. части | ||
| 650 | 0 |
_aБългария - политика _9243743 |
|
| 650 | 4 |
_aПолитици, български - биографии _9250984 |
|
| 650 | 0 |
_aБългария - история, нова _9241998 |
|
| 651 | 4 |
_aБългария _9241624 |
|
| 653 | _aбългарски политици | ||
| 653 | _aбиографии | ||
| 653 | _aистория | ||
| 852 | _aЦб 224558 | ||
| 856 | 4 |
_qpdf _u |
|
| 856 | 4 |
_qpdf _u |
|
| 942 |
_cKNG _n0 _06 |
||
| 944 |
_aCR _c08.09.2005 _k30560 _lГеновева Генчева |
||
| 944 |
_aED _c05.03.2007 _k |
||
| 999 |
_c51277 _d51277 |
||